00328 2200145 4500001002100000005001500021035002000036245004700056100001500103300000800118260002200126082000800148084001400156990001200170INLIS00000000000219820250527012455 a0010-05250004901 aReformulasi Pendidikan Islam /cArmi Arief0 aArmi Arief a215 bCrsd Press,c2007 a297 a297 ARM r a0712591